| 000 | 04438nam a2200421Ia 4500 | ||
|---|---|---|---|
| 001 | bslw09310195 | ||
| 003 | UtOrBLW | ||
| 005 | 20210303085059.0 | ||
| 006 | m o d | ||
| 007 | cr un||||||||| | ||
| 008 | 150115s2014 enk o 000 0 eng d | ||
| 020 |
_a9781784410575 (electronic bk.) : _c£77.95 ; È105.95 ; $134.95 |
||
| 040 | _aUtOrBLW | ||
| 050 | 4 |
_aHT241 _b.F76 2014 |
|
| 072 | 7 |
_aJHB _2bicssc |
|
| 072 | 7 |
_aJH _2bicssc |
|
| 072 | 7 |
_aRPC _2bicssc |
|
| 072 | 7 |
_aSOC026030 _2bisacsh |
|
| 080 | _a304 | ||
| 082 | 0 | 4 |
_a307.76 _223 |
| 245 | 0 | 0 |
_aFrom sustainable to resilient cities _h[electronic resource] : _bglobal concerns and urban efforts / _cedited by William G. Holt. |
| 260 |
_aBingley, U.K. : _bEmerald, _c2014. |
||
| 300 | _a1 online resource (xi, 357 p.) | ||
| 490 | 1 |
_aResearch in urban sociology, _x1047-0042 ; _vv. 14 |
|
| 505 | 0 | _aSustainable cities in flux : continuity, comparisons, and conceptions / Yifei Li -- Coping with natural disasters and urban risk : an approach to urban sustainability from socio-environmental fragmentation and urban vulnerability assessment / Felipe Link ... [et al.] -- Towards sustainable urban and regional planning : experiences from the Netherlands / Bart Wissink -- Residential landscapes, environmental sustainability and climate change / Steven B. Scyphers, Susannah B. Lerman -- Urban crisis within environmental and industrial policies in Italy : the case of the steel industry in Taranto / Mara Maretti -- Sustainable cities in post-Soviet Central Asia : the case of Bishkek / Daniel M. Cartledge -- Sustainability challenges and the spatial manifestation of poverty in megacities of the global south : focus on Dhaka, Bangladesh / Saleh Ahmed, Khan Rubayet Rahaman -- Smart growth machines : the ecological modernization of urban political economy / Erik Solevad Nielsen -- Creating new urban spaces of sustainability and governmentality : an assessment of the development of a food and urban agriculture strategy for Edmonton, Canada / Lorelei L. Hanson, Deborah Schrader -- Línea Verde, an axis road in Aguascalientes, Mexico / Edgar Ramírez de la Cruz, Edna Liliana Gómez Fernández -- Barriers to sustainability : gendered divisions of labor in Cuban urban agriculture / Christina Ergas -- Do you know what it means to rebuild New Orleans? Cultural sustainability after disaster / William G. Holt -- "The world is my backyard" : romanticization, Thoreauvian rhetoric, and constructive confrontation in the tiny house movement / April Anson -- Becoming an European green capital : a way towards sustainability? / Ilaria Beretta -- From sustainability to resilience : why locality matters / Lily M. Hoffman. | |
| 520 | _aThe United Nations Brundtland Report defines sustainable development as one 'that meets the needs of the present without compromising the ability of future generations to meet their own needs." Embedded in this concept of sustainable development are the needs of the world's poor as well as the limits of environmental technology and social organizations to meet these needs. Urban centers, home to the majority of world's population, are hubs of sustainability innovations. However there are major differences among how these sustainability issues are addressed in the Global North and South. Increasingly, urban areas are moving from sustainability to resilience in dealing with environmental issues. This edited volume addresses sustainability efforts in cities and metropolitan regions around the world. The edition explores sustainable development across four key areas: environment, economic, socio-political, and cultural sustainability. These concepts are examined as they apply to both Global North and South urban areas. This volume includes chapters about applications to urban regions across the globe focusing on the movement from sustainable development to resilient urban centers. | ||
| 588 | 0 | _aPrint version record | |
| 650 | 7 |
_aSocial Science _xSociology _xUrban. _2bisacsh |
|
| 650 | 7 |
_aSociology. _2bicssc |
|
| 650 | 7 |
_aSociology & anthropology. _2bicssc |
|
| 650 | 7 |
_aUrban & municipal planning. _2bicssc |
|
| 650 | 0 | _aSustainable urban development. | |
| 650 | 0 |
_aCity planning _xEnvironmental aspects. |
|
| 700 | 1 | _aHolt, William G. | |
| 776 | 1 | _z9781784410582 | |
| 830 | 0 |
_aResearch in urban sociology ; _vv. 14. |
|
| 856 | 4 | 0 | _uhttps://www.emerald.com/insight/publication/doi/10.1108/S1047-0042201414 |
| 999 |
_c30729 _d30729 |
||